Statistics for Name the Venezuelan States Flags

Click here to take the quiz!

General Stats

  • This quiz has been taken 37 times
  • The average score is 10 of 15

Answer Stats

Answer% Correct
Zulia
90%
Sucre
71%
Delta Amacuro
67%
Guarico
67%
Merida
67%
Miranda
67%
Nueva Esparta
67%
Monagas
62%
Portuguesa
62%
Falcon
57%
Lara
57%
Tachira
57%
Trujillo
57%
La Guaira
52%
Yaracuy
52%

Score Distribution

Percentile by Number Answered

Percent of People with Each Score

Your Score History

You have not taken this quiz